Resident Evil Main Series Characters - Statistics

General Stats
  • This quiz has been taken 3,149 times
  • The average score is 25 of 75
Answer Stats
Game Answer % Correct
Resident Evil 2 Leon S. Kennedy
95%
Resident Evil Chris Redfield
94%
Resident Evil Jill Valentine
90%
Resident Evil 2 Claire Redfield
86%
Resident Evil 2 Ada Wong
83%
Resident Evil 7: Biohazard Ethan Winters
81%
Resident Evil 2 William Birkin
79%
Resident Evil 0 Albert Wesker
76%
Resident Evil 7: Biohazard Mia Winters
66%
Resident Evil 0 Rebecca Chambers
66%
Resident Evil 2 Sherry Birkin
64%
Resident Evil 3 Carlos Oliveira
63%
Resident Evil 4 Ashley Graham
60%
Resident Evil 7: Biohazard Jack Baker
57%
Resident Evil Barry Burton
53%
Resident Evil 3 Nemesis
52%
Resident Evil 5 Sheva Alomar
52%
Resident Evil Village Rosemary Winters
47%
Resident Evil 0 Billy Coen
43%
Resident Evil Village Mother Miranda
43%
Resident Evil 4 Luis Sera
42%
Resident Evil 4 Ramon Salazar
42%
Resident Evil Village Karl Heisenberg
41%
Resident Evil 7: Biohazard Zoe Baker
41%
Resident Evil 6 Jake Muller
40%
Resident Evil 4 Osmund Saddler
38%
Resident Evil 7: Biohazard Lucas Baker
37%
Resident Evil 2 Annette Birkin
34%
Resident Evil 6 Helena Harper
32%
Resident Evil 4 Jack Krauser
31%
Resident Evil Village Alcina Dimitrescu
30%
Resident Evil 7: Biohazard Eveline
30%
Resident Evil 2 HUNK
28%
Resident Evil 2 Marvin Branagh
28%
Resident Evil 6 Piers Nivans
28%
Resident Evil Revelations 2 Alex Wesker
27%
Resident Evil Brad Vickers
27%
Resident Evil Village Donna Beneviento
27%
Resident Evil 2 Chief Brian Irons
26%
Resident Evil 7: Biohazard Marguerite Baker
26%
Resident Evil Village Salvatore Moreau
25%
Resident Evil 4 Bitores Mendez
24%
Resident Evil 3 Nikolai Zinoviev
24%
Resident Evil Code Veronica Steve Burnside
23%
Resident Evil Village Cassandra Dimitrescu
22%
Resident Evil Village Bela Dimitrescu
21%
Resident Evil 0 James Marcus
21%
Resident Evil Oswell E. Spencer
21%
Resident Evil Village The Duke
21%
Resident Evil 4 The Merchant
21%
Resident Evil 7: Biohazard Joe Baker
20%
Resident Evil 4 Ingrid Hunnigan
19%
Resident Evil Revelations 2 Moira Burton
19%
Resident Evil Village Daniela Dimitrescu
18%
Resident Evil Code Veronica Alexia Ashford
17%
Resident Evil 6 Derek C. Simmons
16%
Resident Evil 5 Excella Gionne
16%
Resident Evil 3 Mikhail Viktor
15%
Resident Evil 5 Josh Stone
14%
Resident Evil Lisa Trevor
14%
Resident Evil 3 Robert Kendo
14%
Resident Evil Code Veronica Alfred Ashford
13%
Resident Evil Revelations Jessica Sherawat
13%
Resident Evil 6 Carla Radames
12%
Resident Evil Richard Aiken
11%
Resident Evil 3 Tyrell Patrick
11%
Resident Evil Revelations 2 Natalia Korda
10%
Resident Evil Revelations Parker Luis
10%
Resident Evil Code Veronica Alexander Ashford
6%
Resident Evil 6 Deborah Harper
6%
Resident Evil Revelations Raymond Vester
6%
Resident Evil 6 "Agent"
5%
Resident Evil Revelations Keith Lumley
4%
Resident Evil Revelations 2 Neil Fisher
4%
Resident Evil Revelations Quint Cetcham
3%
No matching quizzes found
Score Distribution
Percent of People with Each Score
Percentile by Number Answered
Your Score History
You have not taken this quiz